University Home | Library Home | Institutional Repository

Compendium of the epilepsies. (Record no. 41801)

MARC details
000 -LEADER
fixed length control field 00759cam4a220026500 4500
001 - CONTROL NUMBER
control field lce00857407
008 - FIXED-LENGTH DATA ELEMENTS--GENERAL INFORMATION
fixed length control field 730411s1974 ilua b 001 0 eng
010 ## - LIBRARY OF CONGRESS CONTROL NUMBER
LC control number 73006563
020 ## - INTERNATIONAL STANDARD BOOK NUMBER
International Standard Book Number 0398028788
035 ## - SYSTEM CONTROL NUMBER
System control number (Sirsi) r23402
035 ## - SYSTEM CONTROL NUMBER
System control number (DLC) 73006563
035 ## - SYSTEM CONTROL NUMBER
System control number (UPRA)lce00857407
040 ## - CATALOGING SOURCE
Modifying agency UPRA
050 0# - LIBRARY OF CONGRESS CALL NUMBER
Classification number RC372
Item number .N53
060 ## - NATIONAL LIBRARY OF MEDICINE CALL NUMBER
Classification number WL385 N666c 1973
082 ## - DEWEY DECIMAL CLASSIFICATION NUMBER
Classification number 616.8/53
100 1# - MAIN ENTRY--PERSONAL NAME
Personal name Niedermeyer, Ernst, 1920-
Dates associated with a name Niedermeyer, Ernst, 1920-
Linkage A84830.1
245 10 - TITLE STATEMENT
Title Compendium of the epilepsies.
260 ## - PUBLICATION, DISTRIBUTION, ETC.
Place of publication, distribution, etc. Springfield, IL :
Name of publisher, distributor, etc. Thomas,
Date of publication, distribution, etc. [1974]
504 ## - BIBLIOGRAPHY, ETC. NOTE
Bibliography, etc. note Bibliography: p. 270-309.
650 #0 - SUBJECT ADDED ENTRY--TOPICAL TERM
Topical term or geographic name entry element Epilepsy.
Linkage S21061.1
650 #2 - SUBJECT ADDED ENTRY--TOPICAL TERM
Topical term or geographic name entry element Epilepsy.
Linkage S21061.1
949 ## - LOCAL PROCESSING INFORMATION (OCLC)
a RC372
w LC
i -22696
m MEDICAL
t BOOK
l ON-SHELF
Holdings
Withdrawn status Lost status Source of classification or shelving scheme Damaged status Not for loan Home library Current library Shelving location Total Checkouts Full call number Barcode Date last seen Copy number Price effective from Koha item type
    Library of Congress Classification     Medical Library Medical Library On Shelf   RC372 -22696 08/13/2019 1 08/13/2019 Book
© 2026 - The University of Zambia Library - Koha v25.11